000 01507nam a2200253Ia 4500
003 OSt
005 20211029144117.0
008 210310q2012 ck ad fr 000 0 eng d
040 _aCO-JMCR
_cCO-JMCR
041 0 _aeng
082 0 4 _a338.972 /
_bL879m1
_223
100 1 _aLoser, Claudio,
_917712
_ecoordinador
245 1 0 _aMexico :
_ba new vision for Mexico 2042 : achieving prosperity for all /
_cClaudio Loser and Harinder Kohli, foreword by Héctor Aguilar Camín
260 _a[México] :
_b[SAGE],
_c2012
300 _axxx, 260 páginas :
_bilustraciones y gráficas a color ;
_c29 cm.
500 _aIncluye notas a pie de página.
505 0 _aA historical perspective -- A framework for economic revival and sustained prosperity -- Specific proposals for a prosperous Mexico in 2042 -- Alternative scenarios for sustained Growth -- Mexico and the world-policy complacency after years of disappointing growth -- Growth and adjustment model -- Eduaction in Mexico -- Energy policies-Finding the path for sustainable growth -- Financial system -- Competition in Mexico -- Poverty, inclusion, and equality -- Macroeconomic management -- Good governance -Fiscal federalism and Sub-national Accountability
650 1 4 _aDesarrollo económico
_917714
_zMéxico
651 4 _aMéxico
_xCondiciones económicas
_941347
651 4 _aMéxico
_xPolítica económica
_941348
700 1 _aKohli, Harinder,
_ecoordinador
_941341
700 1 _aAguilar Camín, Héctor,
_eprologuista
_941342
942 _2ddc
_cBK
999 _c8589
_d8589